Introduction to PSpice Using OrCAD for Circuits and Electronics (Record no. 189)

MARC details
000 -LEADER
fixed length control field 00657nam a2200217 a 4500
003 - CONTROL NUMBER IDENTIFIER
control field PK-NaQUE
005 - DATE AND TIME OF LATEST TRANSACTION
control field 20250830132656.0
008 - FIXED-LENGTH DATA ELEMENTS--GENERAL INFORMATION
fixed length control field 250830b ||||| |||| 00| 0 eng d
020 ## - INTERNATIONAL STANDARD BOOK NUMBER
International Standard Book Number 0131019880 (paperback)
020 ## - INTERNATIONAL STANDARD BOOK NUMBER
International Standard Book Number 9780131019881 (paperback)
040 ## - CATALOGING SOURCE
Transcribing agency QUEST
100 1# - MAIN ENTRY--PERSONAL NAME
Personal name Rashid, Muhammad H.
245 10 - TITLE STATEMENT
Title Introduction to PSpice Using OrCAD for Circuits and Electronics
260 ## - PUBLICATION, DISTRIBUTION, ETC. (IMPRINT)
Place of publication, distribution, etc New Delhi:
Name of publisher, distributor, etc Pearson,
300 ## - PHYSICAL DESCRIPTION
Extent 456p. ;
650 ## - SUBJECT ADDED ENTRY--TOPICAL TERM
Topical term or geographic name as entry element Electric circuit analysis--Data processing
650 ## - SUBJECT ADDED ENTRY--TOPICAL TERM
Topical term or geographic name as entry element SPICE (Computer file)
650 ## - SUBJECT ADDED ENTRY--TOPICAL TERM
Topical term or geographic name as entry element PSpice
856 40 - ELECTRONIC LOCATION AND ACCESS
Uniform Resource Identifier <a href="http://10.10.170.122:8080/browse/book/28205">http://10.10.170.122:8080/browse/book/28205</a>
Link text Download eBook
942 ## - ADDED ENTRY ELEMENTS (KOHA)
Koha item type Books
Source of classification or shelving scheme Dewey Decimal Classification
Holdings
Withdrawn status Lost status Damaged status Not for loan Collection code Home library Current library Date acquired Cost, normal purchase price Total Checkouts Full call number Barcode Date last seen Koha item type Price effective from
          Central Library, QUEST, Nawabshah Central Library, QUEST, Nawabshah 26/10/2017 770.00   621.31920113 56860 26/10/2017 Books 26/10/2017
          Central Library, QUEST, Nawabshah Central Library, QUEST, Nawabshah 28/05/2018 566.00   621.3815MUH 57501 28/05/2018 Books 28/05/2018
          Central Library, QUEST, Nawabshah Central Library, QUEST, Nawabshah 28/05/2018 566.00   621.3815MUH 57502 28/05/2018 Books 28/05/2018
          Central Library, QUEST, Nawabshah Central Library, QUEST, Nawabshah 28/05/2018 566.00   621.3815MUH 57503 28/05/2018 Books 28/05/2018
        Reference Reference Section Reference Section 23/04/2014 325.00   621.3815MUH (Shelf - 50C) 32852 23/04/2014 Books